000 00681nam a2200217 i 4500
001 75773
003 ES-MaACL
005 20230906172606.0
007 t|
008 040927s1972 sp ||||1| spa d
100 1 _aGriffiths, D. H.
_960011
245 1 0 _aGeofísica aplicada para ingenieros y geólogos /
_cD. H. Griffiths, R. F. King ; traducción y notas de Angel Río de la Cruz.
260 _aMadrid :
_bParaninfo,
_c1972.
300 _a231 p. ;
_c22 cm.
500 _aIndice.
504 _aBibliografía.
700 1 _aKing, R. F.
_968065
700 1 _aRío de la Cruz, Ángel.
_997320
852 _aES-MaACL
_jG-9159
_bR.114592
852 _aES-MaACL
_jC-42628
_bR.81255
999 _c75773
_d75773